Basic Civil engineering (Record no. 5121)

MARC details
000 -LEADER
fixed length control field 00397nam a22001697a 4500
005 - DATE AND TIME OF LATEST TRANSACTION
control field 20160701154911.0
008 - FIXED-LENGTH DATA ELEMENTS--GENERAL INFORMATION
fixed length control field 160701b xxu||||| |||| 00| 0 eng d
020 ## - INTERNATIONAL STANDARD BOOK NUMBER
ISBN 978-81-317-2988-5
041 ## - LANGUAGE CODE
Language code of text/sound track or separate title eng
082 ## - DEWEY DECIMAL CLASSIFICATION NUMBER
Item number 20742
100 ## - MAIN ENTRY--AUTHOR NAME
Personal name Gopi Satheesh
245 ## - TITLE STATEMENT
Title Basic Civil engineering
260 ## - PUBLICATION, DISTRIBUTION, ETC. (IMPRINT)
Name of publisher Pearson
Year of publication 2016
300 ## - PHYSICAL DESCRIPTION
Number of Pages 320
650 ## - SUBJECT ADDED ENTRY--TOPICAL TERM
Topical Term Diploma Engineering
942 ## - ADDED ENTRY ELEMENTS (KOHA)
Koha item type Books
Holdings
Lost status Damaged status Home library Current library Shelving location Date acquired Cost, normal purchase price Full call number Accession Number Koha item type Collection code
    JRU Library   SHELF-42-F 01/07/2016 459.00 20742 20742 Books  
    JRU Library   SHELF-42-F 01/07/2016 459.00 20742 20743 Books  
    JRU Library   SHELF-42-F 01/07/2016 459.00 20742 20744 Books  
    JRU Library   SHELF-42-F 01/07/2016 459.00 20742 20745 Books  
    JRU Library   SHELF-42-F 01/07/2016 459.00 20742 20746 Books  
    JRU Library   SHELF-42-F 01/07/2016 459.00 20742 20747 Books  
    JRU Library   SHELF-42-F 01/07/2016 459.00 20742 20748 Books  
    JRU Library   SHELF-42-F 01/07/2016 459.00 20742 20749 Books  
    JRU Library   SHELF-42-F 01/07/2016 459.00 20742 20750 Books  
    JRU Library   SHELF-42-F 01/07/2016 459.00 20742 20751 Books  
Lost   JRU Library JRU Library   01/07/2016 459.00 20742 20752 Books  
    JRU Library   SHELF-72-B 01/07/2016 459.00 20742 20753 Books Reference
    JRU Library   SHELF-43-F 01/07/2016 459.00 20742 20754 Books  
    JRU Library   SHELF-42-F 01/07/2016 459.00 20742 20755 Books  
    JRU Library   SHELF-42-F 01/07/2016 459.00 20742 20756 Books